[Event "Memorial Romana Baka "]
[Site "Starochorzowski Dom Kultury, u"]
[Date "2016.09.21"]
[Round "7.8"]
[White "Ociepka, Tomasz"]
[Black "Zabron, Maksym"]
[Result "1-0"]
[WhiteElo "1915"]
[BlackElo "1526"]
[PlyCount "91"]
[EventDate "2016.??.??"]

1. e4 c6 2. c4 d5 3. cxd5 cxd5 4. exd5 Nf6 5. Bb5+ Bd7 6. Bc4 b5 7. Bb3 a5 8.
a4 bxa4 9. Bxa4 Nxd5 10. Nc3 e6 11. d4 Be7 12. Nf3 Nc6 13. O-O O-O 14. Re1 Rc8
15. Bb3 Ncb4 16. Ne5 Nxc3 17. bxc3 Rxc3 18. Bd2 Rc8 19. Qg4 Kh8 20. Qe4 Bf6 21.
Bf4 Bb5 22. Bd2 Bxe5 23. Qxe5 Nd3 24. Qxb5 Nxe1 25. Rxe1 Qxd4 26. Qxa5 Ra8 27.
Qc3 Qg4 28. h3 Qg6 29. Bc2 Qf6 30. Qxf6 gxf6 31. Bc3 e5 32. Be4 Rac8 33. Bb4
Rfe8 34. Bf5 Rc4 35. Ba3 Rd4 36. Bb2 Rd2 37. Bc3 Rd5 38. Re4 Rg8 39. Bb4 Rd4
40. Be7 Re8 41. Bxf6+ Kg8 42. Re3 Rf4 43. Rg3+ Kf8 44. Rg5 h6 45. Rh5 e4 46.
Rxh6 1-0

[Event "Memorial Romana Baka "]
[Site "Starochorzowski Dom Kultury, u"]
[Date "2016.09.21"]
[Round "7.9"]
[White "Bensaid, Simon"]
[Black "Hampel, Anna"]
[Result "1-0"]
[WhiteElo "1970"]
[BlackElo "1663"]
[PlyCount "83"]
[EventDate "2016.??.??"]

1. Nf3 d5 2. d4 e6 3. c4 Nf6 4. g3 Be7 5. Bg2 O-O 6. O-O c5 7. cxd5 exd5 8.
dxc5 Bxc5 9. Nc3 h6 10. Nd4 Nc6 11. Nb3 Be7 12. Nxd5 Nxd5 13. Qxd5 Qe8 14. Bf4
Be6 15. Qb5 Qc8 16. Rac1 a6 17. Qa4 Bh3 18. Nd4 Bxg2 19. Kxg2 Bf6 20. Nxc6 bxc6
21. Rxc6 Qb7 22. b3 Rfe8 23. e4 Rad8 24. Qxa6 Qe7 25. Qe2 g5 26. Bc1 Bg7 27.
Rc4 f5 28. Qc2 fxe4 29. Re1 Qb7 30. Rexe4 Bd4 31. f3 Rf8 32. Qe2 Bg7 33. Ba3
Rf7 34. Bb4 Bf8 35. Bc3 Bg7 36. Re8+ Rxe8 37. Qxe8+ Bf8 38. Qc6 Qe7 39. Qg6+
Rg7 40. Bxg7 Qe2+ 41. Kh3 g4+ 42. Rxg4 1-0

[Event "Memorial Romana Baka "]
[Site "Starochorzowski Dom Kultury, u"]
[Date "2016.09.21"]
[Round "7.10"]
[White "Pasieka, Marcin"]
[Black "Gromada, Andrzej"]
[Result "1/2-1/2"]
[WhiteElo "1682"]
[BlackElo "1770"]
[PlyCount "117"]
[EventDate "2016.??.??"]

1. e4 e6 2. d4 d5 3. Nd2 Nf6 4. e5 Nfd7 5. Bd3 c5 6. c3 Nc6 7. Ne2 cxd4 8. cxd4
f6 9. exf6 Qxf6 10. Nf3 h6 11. O-O Bd6 12. Ng3 O-O 13. Bb1 Rd8 14. Nh5 Qf7 15.
Nh4 Nf8 16. f4 Nxd4 17. g4 Nc6 18. g5 Ne7 19. gxh6 g6 20. Qg4 Kh8 21. Ng7 e5
22. f5 e4 23. Qg5 Bxf5 24. Nhxf5 gxf5 25. Nxf5 Nxf5 26. Rxf5 Qg8 27. Kh1 Nh7
28. Qxg8+ Rxg8 29. Rxd5 Raf8 30. Bd3 exd3 31. Be3 Be7 32. Rxd3 Rd8 33. Rxd8
Rxd8 34. Bxa7 Bg5 35. Re1 Kg8 36. Be3 Re8 37. Bd2 Rxe1+ 38. Bxe1 Bxh6 39. Kg2
Kf7 40. Kf3 Ke6 41. Ke4 Nf6+ 42. Kd4 Nd5 43. b3 Be3+ 44. Kc4 Bg1 45. h4 Nf4 46.
a4 Ng2 47. Bg3 Ne3+ 48. Kb5 Nf5 49. Be1 Kd5 50. h5 Nd6+ 51. Kb4 Be3 52. Kc3 Bh6
53. Kb4 Kc6 54. Bh4 Nf5 55. Bf2 Ng7 56. Kc4 Nxh5 57. b4 Bd2 58. a5 Kc7 59. Kb5
1/2-1/2

[Event "Memorial Romana Baka "]
[Site "Starochorzowski Dom Kultury, u"]
[Date "2016.09.21"]
[Round "7.11"]
[White "Rak, Dariusz"]
[Black "Pazdzior, Michal"]
[Result "1-0"]
[WhiteElo "1773"]
[BlackElo "1664"]
[PlyCount "75"]
[EventDate "2016.??.??"]

1. e4 e6 2. d4 d5 3. e5 c5 4. Nf3 Nc6 5. Bd3 cxd4 6. O-O Qb6 7. Nbd2 Bd7 8. a3
h6 9. b4 a6 10. Nb3 g5 11. h3 Bg7 12. Re1 Nge7 13. Bb2 Qc7 14. Nbxd4 Nxd4 15.
Nxd4 Nc6 16. Nf3 b5 17. Qe2 Qb6 18. Nh2 O-O-O 19. Nf3 Kb7 20. c3 f6 21. exf6
Bxf6 22. a4 Na7 23. axb5 Bxb5 24. Bxb5 Nxb5 25. Qxe6 Qd6 26. Qxd6 Rxd6 27. Ne5
Rh7 28. c4 dxc4 29. Nxc4 Bxb2 30. Nxb2 Rd4 31. Na4 Nc7 32. Nc5+ Kb6 33. Nxa6
Nd5 34. Re6+ Kb5 35. Rd6 Kc4 36. Rc1+ Kd3 37. Nc5+ Kd2 38. Nb3+ 1-0

[Event "Memorial Romana Baka "]
[Site "Starochorzowski Dom Kultury, u"]
[Date "2016.09.21"]
[Round "7.12"]
[White "Cieraszewski, Piotr"]
[Black "Matysek, Pawel"]
[Result "1/2-1/2"]
[WhiteElo "1771"]
[BlackElo "1599"]
[PlyCount "59"]
[EventDate "2016.??.??"]

1. d4 Nf6 2. c4 c5 3. d5 b5 4. cxb5 a6 5. f3 axb5 6. e4 d6 7. Bxb5+ Bd7 8.
Bxd7+ Nbxd7 9. Nc3 g6 10. Nge2 Bg7 11. O-O O-O 12. Bd2 Qb6 13. Qc2 c4+ 14. Kh1
Nc5 15. Be3 Nfd7 16. f4 Rfb8 17. Rfb1 Qa5 18. Nd4 Nd3 19. Nc6 Rxb2 20. Rxb2
Qxc3 21. Qxc3 Bxc3 22. Rbb1 Bxa1 23. Rxa1 Kf8 24. Kg1 Ra3 25. Kf1 c3 26. Nd4
N7c5 27. Nb5 Ra4 28. Nxc3 Rc4 29. Bd2 Nxe4 30. Nxe4 1/2-1/2

[Event "Memorial Romana Baka "]
[Site "Starochorzowski Dom Kultury, u"]
[Date "2016.09.21"]
[Round "7.14"]
[White "Jablonski, Hubert"]
[Black "Wojkowski, Mariusz"]
[Result "1/2-1/2"]
[WhiteElo "1500"]
[BlackElo "1730"]
[PlyCount "79"]
[EventDate "2016.??.??"]

1. e4 d5 2. exd5 Nf6 3. Bb5+ Nbd7 4. Nc3 a6 5. Ba4 b5 6. Bb3 Nb6 7. Nf3 Bb7 8.
O-O g6 9. Re1 Bg7 10. Qe2 Nbxd5 11. Nxd5 Nxd5 12. d3 e6 13. Bg5 Qd6 14. Rab1
O-O 15. Bh4 Nf6 16. Bg3 Qb6 17. Be5 c5 18. a3 Rae8 19. h3 Bd5 20. Bxd5 exd5 21.
Qd2 Nd7 22. Bxg7 Kxg7 23. Rxe8 Rxe8 24. Re1 Rxe1+ 25. Qxe1 Qe6 26. Qxe6 fxe6
27. Kf1 Kf6 28. Ke2 d4 29. Nd2 Ke5 30. Ne4 Kd5 31. Ng5 h5 32. Ne4 a5 33. b3 c4
34. Kd2 cxb3 35. cxb3 Ke5 36. Ke2 Nb6 37. g3 a4 38. b4 Kd5 39. Nf6+ Ke5 40. Ne4
1/2-1/2

[Event "Memorial Romana Baka "]
[Site "Starochorzowski Dom Kultury, u"]
[Date "2016.09.21"]
[Round "7.16"]
[White "Katolik, Kamil"]
[Black "Hertlein, Irena"]
[Result "1-0"]
[WhiteElo "1679"]
[BlackElo "1483"]
[PlyCount "81"]
[EventDate "2016.??.??"]

1. d4 Nf6 2. Nf3 g6 3. e3 Bg7 4. Bd3 O-O 5. O-O d6 6. Nbd2 Nbd7 7. c3 e5 8. Re1
Re8 9. e4 c6 10. Qb3 Nb6 11. a4 a5 12. Nc4 Nxc4 13. Bxc4 Qc7 14. dxe5 dxe5 15.
Ng5 Re7 16. Be3 c5 17. Rad1 h6 18. Nxf7 Rxf7 19. Bxf7+ Qxf7 20. Rd8+ Bf8 21.
Qc2 Kh7 22. Red1 Be7 23. R8d2 Be6 24. Ra1 Ng4 25. Re2 Bc4 26. Ree1 Rd8 27. Qc1
Bg5 28. Bxg5 Qxf2+ 29. Kh1 hxg5 30. Qxg5 Nf6 31. b3 Ba6 32. c4 Rd2 33. Rf1 Qe2
34. Rae1 Qd3 35. Qxf6 Qc2 36. Qf8 g5 37. Rf7+ Kg6 38. Qg7+ Kh5 39. Qh7+ Kg4 40.
h3+ Kg3 41. Rf3# 1-0

[Event "Memorial Romana Baka "]
[Site "Starochorzowski Dom Kultury, u"]
[Date "2016.09.21"]
[Round "7.18"]
[White "Mostowski, Boguslaw"]
[Black "Smolka, Robert"]
[Result "1/2-1/2"]
[WhiteElo "1758"]
[BlackElo "1362"]
[PlyCount "88"]
[EventDate "2016.??.??"]

1. e4 c5 2. Nf3 e6 3. d4 cxd4 4. Nxd4 d6 5. Be2 Nf6 6. Nc3 a6 7. Be3 e5 8. Nb3
Be6 9. O-O Be7 10. Kh1 O-O 11. f4 exf4 12. Bxf4 Qc8 13. Nd5 Nxd5 14. exd5 Bf5
15. Rc1 Rd8 16. c4 b6 17. Qd2 Nd7 18. Bxd6 Bxd6 19. Rxf5 Nf6 20. Bd3 Qc7 21. h3
Re8 22. Rcf1 Ne4 23. Bxe4 Rxe4 24. Qd3 Rae8 25. Nd2 Re1 26. Rxe1 Rxe1+ 27. Nf1
Qe7 28. a3 g6 29. Rf3 Qe5 30. g3 Qxb2 31. Re3 Qf2 32. Rf3 Qb2 33. Re3 Ra1 34.
a4 Rxa4 35. Re2 Qa1 36. Kg2 Ra3 37. Qe4 Ra2 38. Qf3 Rxe2+ 39. Qxe2 a5 40. Nd2
Qb2 41. Kf3 a4 42. Qe8+ Kg7 43. Ne4 Qb3+ 44. Kg2 Qb2+ 1/2-1/2

[Event "Memorial Romana Baka "]
[Site "Starochorzowski Dom Kultury, u"]
[Date "2016.09.21"]
[Round "7.19"]
[White "Wirtek, Jerzy"]
[Black "Gredka, Dominika"]
[Result "1-0"]
[WhiteElo "1711"]
[BlackElo "1633"]
[PlyCount "47"]
[EventDate "2016.??.??"]

1. d4 e6 2. Nf3 b6 3. e4 Bb7 4. Bd3 d5 5. e5 c5 6. c3 Ne7 7. O-O Nec6 8. a3 Be7
9. Be3 Nd7 10. Nbd2 Rc8 11. Re1 O-O 12. Nf1 f6 13. exf6 Nxf6 14. Ng3 Qc7 15.
Ng5 Qd7 16. Nh5 g6 17. Nxf6+ Bxf6 18. Qg4 Nd8 19. h4 Qe8 20. Nxh7 Kxh7 21. h5
Kh8 22. hxg6 Kg7 23. Bh6+ Kg8 24. g7 1-0

[Event "Memorial Romana Baka"]
[Site "Starochorzowski Dom Kultury, u"]
[Date "2016.09.21"]
[Round "7.20"]
[White "Hryn, Zofia"]
[Black "Mokrzycki, Jan"]
[Result "1-0"]
[WhiteElo "1433"]
[BlackElo "1707"]
[PlyCount "43"]
[EventDate "2016.??.??"]

1. c4 Nf6 2. Nc3 g6 3. d4 Bg7 4. e4 d6 5. f3 O-O 6. Be3 Nbd7 7. Qd2 e5 8. d5
Nh5 9. g4 Nf4 10. O-O-O h5 11. Bxf4 exf4 12. gxh5 g5 13. h4 gxh4 14. Qxf4 Bxc3
15. bxc3 Qf6 16. Qxf6 Nxf6 17. Rxh4 Kh8 18. Ne2 Rg8 19. Rf4 Nxh5 20. Rh4 Kh7
21. Rxh5+ Kg6 22. Nf4+ 1-0

[Event "Memorial Romana Baka"]
[Site "Starochorzowski Dom Kultury, u"]
[Date "2016.09.21"]
[Round "7.21"]
[White "Bobecki, Tadeusz"]
[Black "Sowierszenko, Tomasz"]
[Result "1/2-1/2"]
[WhiteElo "1785"]
[BlackElo "1398"]
[PlyCount "82"]
[EventDate "2016.??.??"]

1. e4 c5 2. Nf3 e6 3. c3 Nc6 4. d4 cxd4 5. cxd4 Bb4+ 6. Nc3 Nf6 7. Bd3 Qc7 8.
O-O a6 9. e5 Nd5 10. Ne4 h6 11. a3 Be7 12. b4 b5 13. Bd2 Bb7 14. Rc1 Qb6 15.
Be3 Nxe3 16. fxe3 a5 17. Qe2 axb4 18. axb4 Nxb4 19. Bxb5 Bxe4 20. Nd2 Bg6 21.
Nc4 Qb8 22. Ra1 O-O 23. Rxa8 Qxa8 24. Nb6 Qa3 25. Nxd7 Rc8 26. h3 Bg5 27. Kh1
Rc2 28. Qf3 Nd5 29. Nc5 Rc1 30. e4 Rxf1+ 31. Qxf1 Nf4 32. h4 Be7 33. Qxf4 Bxc5
34. dxc5 Qxc5 35. Be2 Qd4 36. Bf3 f5 37. exf6 Qxf6 38. Qg3 Kh7 39. h5 Bf7 40.
Qg4 Qa1+ 41. Kh2 Qe5+ 1/2-1/2

[Event "Memorial Romana Baka "]
[Site "Starochorzowski Dom Kultury, u"]
[Date "2016.09.21"]
[Round "7.22"]
[White "Czapla, Tomasz"]
[Black "Rychlik, Bogdan"]
[Result "0-1"]
[WhiteElo "1204"]
[BlackElo "1743"]
[PlyCount "56"]
[EventDate "2016.??.??"]

1. d4 d5 2. c4 e5 3. e3 exd4 4. exd4 Nf6 5. Nf3 Bb4+ 6. Bd2 Qe7+ 7. Qe2 O-O 8.
Qxe7 Bxe7 9. Nc3 dxc4 10. Bxc4 a6 11. d5 b5 12. Bb3 Bb7 13. Bf4 b4 14. d6 Bxd6
15. Bxd6 cxd6 16. Na4 Re8+ 17. Kf1 Nbd7 18. Ng5 d5 19. f3 h6 20. Nh3 g5 21. Kf2
Re7 22. Rhe1 Ne5 23. Nc5 Bc6 24. a3 bxa3 25. Rxa3 Rae8 26. Kf1 Bb5+ 27. Re2
Bxe2+ 28. Kxe2 Nc4+ 0-1

[Event "Memorial Romana Baka "]
[Site "Starochorzowski Dom Kultury, u"]
[Date "2016.09.21"]
[Round "7.24"]
[White "Gonsior, Pawel"]
[Black "Roskowski, Stanislaw"]
[Result "1-0"]
[WhiteElo "1364"]
[BlackElo "1415"]
[PlyCount "69"]
[EventDate "2016.??.??"]

1. d4 d5 2. c4 c6 3. Nf3 g6 4. Nc3 Bg7 5. Bf4 a6 6. e3 Nf6 7. Bd3 O-O 8. O-O
Nbd7 9. Qb3 e6 10. Bd6 Re8 11. a4 Qb6 12. Qxb6 Nxb6 13. c5 Nbd7 14. b4 Nh5 15.
g4 Nhf6 16. h3 Bf8 17. Ne5 Bxd6 18. cxd6 Kf8 19. f4 Ng8 20. g5 f6 21. Nf3 Kg7
22. Rf2 Rd8 23. e4 dxe4 24. Nxe4 f5 25. Nc5 Nf8 26. d7 Bxd7 27. Nxb7 Rdb8 28.
Nc5 Rxb4 29. Nxa6 Rb6 30. Nc5 Ne7 31. a5 Rb4 32. Ne5 Rxd4 33. Nexd7 Nxd7 34.
Nxe6+ Kf7 35. Nxd4 1-0

[Event "Memorial Romana Baka "]
[Site "Starochorzowski Dom Kultury, u"]
[Date "2016.09.21"]
[Round "7.25"]
[White "Wierzbicki, Dawid"]
[Black "Stemplewski, Kamil"]
[Result "0-1"]
[WhiteElo "1467"]
[BlackElo "1597"]
[PlyCount "40"]
[EventDate "2016.??.??"]

1. e4 c6 2. d4 d5 3. exd5 cxd5 4. Nc3 Bf5 5. Bd3 Bxd3 6. Qxd3 a6 7. Nf3 Nf6 8.
O-O e6 9. Ne5 Be7 10. h3 Nc6 11. Nxc6 bxc6 12. Be3 O-O 13. Rfe1 Qa5 14. a3 Bd6
15. Bg5 Nd7 16. Qd2 c5 17. dxc5 Qxc5 18. Rad1 Qc7 19. Kh1 Nb6 20. Rb1 Rac8 0-1

[Event "Memorial Romana Baka "]
[Site "Starochorzowski Dom Kultury, u"]
[Date "2016.09.21"]
[Round "7.26"]
[White "Hertlein, Agnieszka"]
[Black "Zielinski, Marcin"]
[Result "0-1"]
[WhiteElo "1052"]
[BlackElo "1534"]
[PlyCount "58"]
[EventDate "2016.??.??"]

1. d4 d5 2. Nf3 Nf6 3. e3 Bg4 4. Nbd2 e6 5. Be2 Nbd7 6. b3 Bd6 7. Bb2 O-O 8.
O-O Rc8 9. Ne5 Bxe2 10. Qxe2 c5 11. Rac1 Qc7 12. f4 cxd4 13. exd4 Qa5 14. a3
Rc7 15. g4 Bxe5 16. dxe5 Nxg4 17. Qxg4 Qxd2 18. Rf2 Qe3 19. Kf1 Rfc8 20. Rg2 g6
21. h4 h5 22. Qg5 Kh7 23. Re1 Qf3+ 24. Kg1 Rxc2 25. Rf1 Rxg2+ 26. Qxg2 Qxg2+
27. Kxg2 Rc2+ 28. Rf2 Rxf2+ 29. Kxf2 Nc5 0-1

[Event "Memorial Romana Baka"]
[Site "Chorzow"]
[Date "2016.09.21"]
[Round "7.1"]
[White "Morkisz, Bogdan"]
[Black "Piankov, Evgenij"]
[Result "0-1"]
[BlackElo "2254"]
[WhiteElo "2020"]
[LiveChessVersion "1.4.8"]

1. e4 {[%clk 1:30:56]} c6 {[%clk 1:30:49]} 2. d4 {[%clk 1:31:10]} d5
{[%clk 1:31:15]} 3. e5 {[%clk 1:31:32]} Bf5 {[%clk 1:31:32]} 4. Nd2
{[%clk 1:31:36]} e6 {[%clk 1:31:22]} 5. Nb3 {[%clk 1:31:34]} Nd7 {[%clk 1:31:25]}
6. Be3 {[%clk 1:31:31]} Bg6 {[%clk 1:30:50]} 7. f4 {[%clk 1:31:03]} Ne7
{[%clk 1:30:01]} 8. Nf3 {[%clk 1:30:54]} Nc8 {[%clk 1:29:24]} 9. Be2
{[%clk 1:21:27]} Ncb6 {[%clk 1:27:03]} 10. Qd2 {[%clk 1:19:17]} Rc8
{[%clk 1:25:56]} 11. Nc5 {[%clk 1:15:58]} Nxc5 {[%clk 1:25:19]} 12. dxc5
{[%clk 1:15:35]} Nd7 {[%clk 1:25:36]} 13. Qc3 {[%clk 1:13:12]} Be7
{[%clk 1:23:48]} 14. O-O {[%clk 1:09:08]} O-O {[%clk 1:23:36]} 15. g4
{[%clk 1:01:56]} Be4 {[%clk 1:23:28]} 16. Bd3 {[%clk 0:58:15]} b6
{[%clk 1:15:09]} 17. cxb6 {[%clk 0:54:34]} Bxd3 18. b7 {[%clk 0:51:28]} Bxf1
{[%clk 1:14:58]} 19. bxc8=Q {[%clk 0:51:51]} Qxc8 {[%clk 1:15:18]} 20. Rxf1
{[%clk 0:52:10]} c5 {[%clk 1:15:02]} 21. Qe1 {[%clk 0:47:08]} Qa6
{[%clk 1:14:26]} 22. a3 {[%clk 0:46:06]} Qc4 {[%clk 1:11:29]} 23. Rf2
{[%clk 0:45:08]} d4 {[%clk 1:08:40]} 24. Bc1 {[%clk 0:44:37]} Qd5
{[%clk 1:07:40]} 25. Qe2 {[%clk 0:39:46]} c4 {[%clk 1:06:34]} 26. c3
{[%clk 0:35:15]} d3 {[%clk 1:05:16]} 27. Qe3 {[%clk 0:35:37]} Bc5
{[%clk 1:03:47]} 28. Nd4 {[%clk 0:36:03]} Bb6 {[%clk 1:03:36]} 29. Qf3
{[%clk 0:26:39]} Nc5 {[%clk 1:00:41]} 30. Qxd5 {[%clk 0:23:49]} exd5
{[%clk 1:01:08]} 31. Be3 {[%clk 0:23:43]} Ne4 {[%clk 0:59:04]} 32. Rg2
{[%clk 0:20:56]} Bxd4 {[%clk 0:58:23]} 33. cxd4 {[%clk 0:21:06]} Rb8
{[%clk 0:58:39]} 34. Kf1 {[%clk 0:15:44]} c3 {[%clk 0:58:40]} 35. b4
{[%clk 0:15:54]} Rc8 {[%clk 0:54:41]} 0-1

[Event "Memorial Romana Baka"]
[Site "Chorzow"]
[Date "2016.09.21"]
[Round "7.4"]
[White "Slezinski, Nikodem"]
[Black "Pierzak, Rafael"]
[Result "1-0"]
[BlackElo "2172"]
[WhiteElo "1984"]
[LiveChessVersion "1.4.8"]

1. e4 {[%clk 1:25:24]} e5 {[%clk 1:30:55]} 2. f4 {[%clk 1:22:17]} exf4
{[%clk 1:29:54]} 3. Bc4 {[%clk 1:22:02]} Nf6 {[%clk 1:17:21]} 4. Nc3
{[%clk 1:17:00]} Nc6 {[%clk 1:04:22]} 5. d4 {[%clk 1:15:16]} Bb4 {[%clk 0:58:56]}
6. e5 {[%clk 1:00:52]} Ne4 {[%clk 0:50:41]} 7. Qf3 {[%clk 1:00:58]} d5
{[%clk 0:48:40]} 8. Bb5 {[%clk 0:59:14]} O-O {[%clk 0:43:41]} 9. Nge2
{[%clk 0:54:05]} Qh4+ {[%clk 0:27:58]} 10. g3 {[%clk 0:47:43]} Qg4
{[%clk 0:19:57]} 11. Qxg4 {[%clk 0:39:26]} Bxg4 {[%clk 0:20:25]} 12. Bxc6
{[%clk 0:39:47]} bxc6 {[%clk 0:18:06]} 13. Nxf4 {[%clk 0:36:50]} Bxc3+
{[%clk 0:15:20]} 14. bxc3 {[%clk 0:37:17]} Nxc3 {[%clk 0:15:27]} 15. Ba3
{[%clk 0:35:30]} Rfe8 {[%clk 0:15:29]} 16. O-O {[%clk 0:34:27]} Be2
{[%clk 0:11:32]} 17. Rfe1 {[%clk 0:29:26]} Bg4 {[%clk 0:11:57]} 18. Re3
{[%clk 0:27:17]} Ne4 {[%clk 0:10:20]} 19. c4 {[%clk 0:23:15]} Be6
{[%clk 0:10:44]} 20. Rc1 {[%clk 0:20:40]} Rec8 {[%clk 0:08:54]} 21. Nxe6
{[%clk 0:19:36]} fxe6 {[%clk 0:09:14]} 22. cxd5 {[%clk 0:20:04]} cxd5
{[%clk 0:09:08]} 23. Rc6 {[%clk 0:20:32]} Rab8 {[%clk 0:08:45]} 24. Rf3
{[%clk 0:14:36]} Rb1+ {[%clk 0:06:38]} 25. Kg2 {[%clk 0:15:04]} Rd1
{[%clk 0:05:10]} 26. Rxc7 {[%clk 0:13:56]} Rd2+ {[%clk 0:04:57]} 27. Kf1
{[%clk 0:14:16]} Rb8 {[%clk 0:05:13]} 28. Rb7 {[%clk 0:12:13]} Rc8
{[%clk 0:03:53]} 29. Rff7 {[%clk 0:11:52]} Rxh2 {[%clk 0:03:58]} 30. Rxg7+
{[%clk 0:09:22]} Kh8 {[%clk 0:04:27]} 31. Bc5 {[%clk 0:03:31]} Rb8
{[%clk 0:02:52]} 32. Rxh7+ {[%clk 0:02:26]} Rxh7 {[%clk 0:02:58]} 33. Rxb8+
{[%clk 0:02:54]} Kg7 {[%clk 0:03:24]} 34. Rb7+ {[%clk 0:03:13]} Kg6
{[%clk 0:03:52]} 35. Rxh7 {[%clk 0:03:19]} Kxh7 {[%clk 0:04:20]} 36. Bxa7
{[%clk 0:03:45]} Nxg3+ {[%clk 0:04:26]} 37. Kg2 {[%clk 0:02:28]} Ne4
{[%clk 0:02:55]} 38. a4 {[%clk 0:02:56]} Nc3 {[%clk 0:02:57]} 39. a5
{[%clk 0:03:24]} Nb5 {[%clk 0:01:16]} 40. Bb6 {[%clk 0:03:52]} 1-0

[Event "Memorial Romana Baka"]
[Site "Chorzow"]
[Date "2016.09.21"]
[Round "7.2"]
[White "Faron, Rafal"]
[Black "Sroka, Janusz"]
[Result "1/2-1/2"]
[BlackElo "2026"]
[WhiteElo "2062"]
[LiveChessVersion "1.4.8"]

1. d4 {[%clk 0:03:04]} g6 2. c4 {[%clk 0:03:04]} Bg7 {[%clk 0:18:21]} 3. e4
{[%clk 0:03:04]} d6 {[%clk 0:18:21]} 4. Nc3 {[%clk 0:03:04]} Nf6 {[%clk 0:18:21]}
5. f3 {[%clk 0:03:04]} O-O {[%clk 0:18:21]} 6. Be3 {[%clk 0:03:04]} e5
{[%clk 0:18:21]} 7. Nge2 {[%clk 0:03:04]} Nbd7 {[%clk 0:18:21]} 8. Qd2
{[%clk 0:03:04]} c6 {[%clk 0:18:21]} 9. d5 {[%clk 0:03:04]} cxd5 {[%clk 0:18:21]}
10. Nxd5 {[%clk 0:03:04]} Nxd5 {[%clk 0:18:21]} 11. Qxd5 {[%clk 0:03:04]} Nb6
{[%clk 0:18:21]} 12. Qb5 {[%clk 0:03:04]} Bd7 {[%clk 0:18:21]} 13. Qb4
{[%clk 0:03:04]} Qc7 {[%clk 0:18:21]} 14. Nc3 {[%clk 0:03:04]} Bc6
{[%clk 0:18:21]} 15. Be2 {[%clk 0:03:04]} Rfd8 {[%clk 0:18:21]} 16. Rc1
{[%clk 0:03:04]} Qe7 {[%clk 0:18:21]} 17. O-O {[%clk 0:03:04]} Bf6
{[%clk 0:18:21]} 18. Rcd1 {[%clk 0:03:04]} Bg5 {[%clk 0:18:21]} 19. Bf2
{[%clk 0:03:04]} Qf8 {[%clk 0:18:21]} 20. a4 {[%clk 0:03:04]} Nd7
{[%clk 0:18:21]} 21. Nb5 {[%clk 0:03:04]} a5 {[%clk 0:18:21]} 22. Qb3
{[%clk 0:03:04]} Nc5 {[%clk 0:18:21]} 23. Bxc5 {[%clk 0:03:04]} dxc5
{[%clk 0:18:21]} 24. Nc7 {[%clk 0:03:04]} Rac8 {[%clk 0:18:21]} 25. Nd5
{[%clk 0:03:04]} Bxd5 {[%clk 0:18:21]} 26. Rxd5 {[%clk 0:03:04]} Qh6
{[%clk 0:18:21]} 27. g3 {[%clk 0:03:04]} Be3+ {[%clk 0:18:21]} 28. Kg2
{[%clk 0:03:04]} Bd4 {[%clk 0:18:21]} 29. Qd3 {[%clk 0:03:04]} b6
{[%clk 0:18:21]} 30. b3 {[%clk 0:03:04]} Qf8 {[%clk 0:18:21]} 31. f4
{[%clk 0:03:04]} exf4 {[%clk 0:18:21]} 32. Rxf4 {[%clk 0:03:04]} Qe7
{[%clk 0:18:21]} 33. Bg4 {[%clk 0:03:04]} Rb8 {[%clk 0:18:21]} 34. Rf1
{[%clk 0:03:04]} h5 {[%clk 0:18:21]} 35. Bf3 {[%clk 0:03:04]} Kg7
{[%clk 0:18:21]} 36. e5 {[%clk 0:03:04]} Bxe5 {[%clk 0:18:21]} 37. Rxd8
{[%clk 0:03:04]} Rxd8 {[%clk 0:18:21]} 38. Bd5 {[%clk 0:03:04]} f6
{[%clk 0:18:21]} 39. Re1 {[%clk 0:03:04]} Qd6 {[%clk 0:18:21]} 40. Qe3
{[%clk 0:03:04]} Rd7 {[%clk 0:18:21]} 41. Re2 {[%clk 0:03:04]} Re7
{[%clk 0:18:21]} 42. Re1 {[%clk 0:03:04]} Qc7 {[%clk 0:18:21]} 43. Qf3
{[%clk 0:03:04]} f5 {[%clk 0:18:21]} 44. Re2 {[%clk 0:03:04]} Bd4
{[%clk 0:18:21]} 45. Qf1 {[%clk 0:03:04]} Kf6 {[%clk 0:18:21]} 46. Qe1
{[%clk 0:03:04]} Re5 {[%clk 0:18:21]} 47. Rxe5 {[%clk 0:03:04]} Bxe5
{[%clk 0:18:21]} 48. Qe3 {[%clk 0:03:04]} g5 {[%clk 0:18:21]} 49. h4
{[%clk 0:03:04]} Qg7 {[%clk 0:18:21]} 50. hxg5+ {[%clk 0:03:04]} Qxg5
{[%clk 0:18:21]} 51. Qxg5+ {[%clk 0:03:04]} Kxg5 {[%clk 0:18:21]} 52. Kf3
{[%clk 0:00:47]} Bd4 {[%clk 0:02:21]} 53. Bf7 {[%clk 0:00:56]} Bc3
{[%clk 0:02:25]} 54. Be8 {[%clk 0:01:03]} Be1 {[%clk 0:02:46]} 55. Bc6
{[%clk 0:00:51]} Bd2 {[%clk 0:03:01]} 56. Be8 {[%clk 0:01:11]} h4
{[%clk 0:03:20]} 57. gxh4+ {[%clk 0:01:32]} Kxh4 {[%clk 0:03:41]} 58. Bd7
{[%clk 0:01:49]} Kg5 {[%clk 0:04:01]} 59. Be8 {[%clk 0:01:48]} Kf6
{[%clk 0:04:21]} 60. Bc6 {[%clk 0:02:06]} Ke5 {[%clk 0:04:44]} 61. Bd7
{[%clk 0:02:16]} Bg5 {[%clk 0:02:20]} 62. Be8 {[%clk 0:02:05]} Bd8
{[%clk 0:02:32]} 63. Bd7 {[%clk 0:02:23]} Bc7 {[%clk 0:02:56]} 64. Be8
{[%clk 0:02:33]} Kd4 {[%clk 0:03:11]} 65. Bd7 {[%clk 0:02:50]} Kc3
{[%clk 0:03:31]} 66. Bb5 {[%clk 0:03:11]} Kxb3 {[%clk 0:03:36]} 67. Ke2
{[%clk 0:03:40]} Kc3 {[%clk 0:03:54]} 68. Kf3 {[%clk 0:04:06]} Be5
{[%clk 0:03:33]} 69. Ba6 {[%clk 0:04:15]} 1/2-1/2